[Event "Gladenbach IM"]
[Site "Gladenbach"]
[Date "2022.08.31"]
[Round "5"]
[White "Mirzoev, Emil"]
[Black "Lesny, Florian"]
[Result "1-0"]
[WhiteElo "2498"]
[BlackElo "2241"]
[PlyCount "157"]
[EventDate "2022.08.29"]
[EventType "tourn"]
[EventRounds "11"]
[EventCountry "GER"]
[EventCategory "2"]
[SourceTitle "CBM 210 Extra"]
[Source "ChessBase"]
[SourceDate "2022.11.30"]
[SourceVersion "1"]
[SourceVersionDate "2022.11.30"]
[SourceQuality "1"]

1. e4 c5 2. Ne2 d6 3. g3 Nc6 4. Bg2 e5 5. c3 g6 6. d4 exd4 7. cxd4 Bg7 8. dxc5 dxc5 9. Qxd8+ Kxd8 10. Nbc3 Be6 11. Be3 b6 12. 0-0-0+ Ke8 13. Nb5 Rd8 14. Nc7+ Ke7 15. Nxe6 fxe6 16. Rxd8 Nxd8 17. f4 Nf6 18. Rd1 Ng4 19. Bg1 h5 20. h3 Nh6 21. Nc3 Nc6 22. e5 Rc8 23. Nb5 Nf5 24. Bxc6 Rxc6 25. Nxa7 Rc7 26. Nb5 Rd7 27. g4 hxg4 28. hxg4 Nh4 29. Nd6 Rc7 30. Nc4 b5 31. Nd6 b4 32. Nc4 g5 33. Bh2 Nf3 34. Bg3 Nd4 35. Re1 Bh6 36. fxg5 Bxg5+ 37. Kb1 Kf7 38. Bf2 Nf3 39. Re4 Kg6 40. Kc2 Be7 41. Rf4 Ng5 42. Be3 Nf7 43. Rf1 Rd7 44. Rd1 Rd5 45. Bf4 Bd8 46. Rxd5 exd5 47. Ne3 Bc7 48. e6 Bxf4 49. exf7 Kxf7 50. Nxd5 Be5 51. b3 Ke6 52. Ne3 Bf4 53. Kd3 Ke5 54. Nc4+ Kd5 55. Nb6+ Ke5 56. Kc4 Be3 57. Nd5 Bf2 58. g5 Kf5 59. Nf6 Be3 60. Nd7 Bxg5 61. Nxc5 Bd2 62. Nd3 Ke6 63. Nxb4 Kd6 64. Nd5 Kc6 65. b4 Be1 66. a4 Bd2 67. Ne7+ Kd7 68. Nf5 Kc6 69. Nd4+ Kb6 70. Nb3 Be3 71. a5+ Kb7 72. Kb5 Bf2 73. Nc5+ Ka7 74. Kc4 Be3 75. b5 Bf4 76. b6+ Ka8 77. Kb5 Kb8 78. a6 Ka8 79. Kc6 1-0

[Event "Titled Tuesday intern op 16th Aug Early"]
[Site "Chess.com INT"]
[Date "2022.08.16"]
[Round "4"]
[White "Mirzoev, Emil"]
[Black "Dounis, Alexandros"]
[Result "1-0"]
[WhiteElo "2498"]
[BlackElo "2250"]
[PlyCount "47"]
[EventDate "2022.08.16"]
[EventType "swiss (blitz)"]
[EventRounds "11"]
[EventCountry "USA"]
[SourceTitle "EXT 2023"]
[Source "ChessBase"]
[SourceDate "2022.10.05"]
[SourceVersion "1"]
[SourceVersionDate "2022.10.05"]
[SourceQuality "1"]

1. e4 e5 2. Nf3 Nc6 3. Bc4 Nf6 4. d3 h6 5. a4 d6 6. Nc3 g5 7. h3 Bg7 8. d4 0-0 9. dxe5 Nxe5 10. Nxe5 dxe5 11. Be3 Qe7 12. 0-0 c6 13. a5 Be6 14. Qe2 Rfd8 15. Rfd1 Rxd1+ 16. Rxd1 Qb4 17. Bxe6 fxe6 18. a6 b6 19. f3 Qxb2 20. Qc4 c5 21. Nb5 Kh8 22. Nc7 Rc8 23. Nb5 Bf8 24. Qxe6 1-0

[Event "Pontevedra op-A 10th"]
[Site "Pontevedra"]
[Date "2022.07.25"]
[Round "3"]
[White "Mirzoev, Emil"]
[Black "Contin, Daniel"]
[Result "0-1"]
[WhiteElo "2493"]
[BlackElo "2206"]
[PlyCount "40"]
[EventDate "2022.07.24"]
[EventType "swiss"]
[EventRounds "9"]
[EventCountry "ESP"]
[SourceTitle "CBM 209 Extra"]
[Source "ChessBase"]
[SourceDate "2022.09.30"]
[SourceVersion "1"]
[SourceVersionDate "2022.09.30"]
[SourceQuality "1"]

1. d4 Nf6 2. c4 e6 3. g3 c5 4. Nf3 cxd4 5. Nxd4 d5 6. Bg2 e5 7. Nf3 d4 8. 0-0 Nc6 9. e3 Be7 10. exd4 exd4 11. Bf4 Bg4 12. Qb3 Qb6 13. Ne5 Nxe5 14. Bxe5 0-0-0 15. Nd2 Rhe8 16. Rfe1 Qxb3 17. axb3 Bb4 18. Bf4 Rxe1+ 19. Rxe1 Nh5 20. Bg5 f6 0-1

[Event "Oviedo op 8th"]
[Site "Oviedo"]
[Date "2022.07.21"]
[Round "7"]
[White "Jimenez Almeida, Luis David"]
[Black "Mirzoev, Emil"]
[Result "0-1"]
[WhiteElo "2246"]
[BlackElo "2493"]
[PlyCount "86"]
[EventDate "2022.07.17"]
[EventType "swiss"]
[EventRounds "9"]
[EventCountry "ESP"]
[SourceTitle "CBM 209 Extra"]
[Source "ChessBase"]
[SourceDate "2022.09.30"]
[SourceVersion "1"]
[SourceVersionDate "2022.09.30"]
[SourceQuality "1"]

1. Nf3 c5 2. c3 Nc6 3. d4 e6 4. Bf4 Nf6 5. e3 h6 6. h3 d5 7. Nbd2 Bd6 8. Bxd6 Qxd6 9. dxc5 Qxc5 10. Bd3 0-0 11. 0-0 Rd8 12. Qe2 Qb6 13. b4 a6 14. e4 e5 15. Rfd1 Be6 16. a3 Qc7 17. c4 d4 18. Kh2 a5 19. b5 Nb8 20. g4 Nbd7 21. Rg1 Nc5 22. Nh4 Nh7 23. Nf5 Nf8 24. Nh4 Qe7 25. Nf5 Qf6 26. Rg3 Rd7 27. Rf3 Qd8 28. Rg1 Ng6 29. Bb1 Nf4 30. Qe1 Kh7 31. Rxf4 exf4 32. e5 g6 33. Ne4 Nxe4 34. Bxe4 Qc7 35. Nd6 Rxd6 36. exd6 Qxd6 37. Bxb7 Rb8 38. Bc6 Bxc4 39. Qxa5 d3 40. a4 d2 41. Bf3 Qd4 42. Qc7 Qxf2+ 43. Bg2 Qxg1+ 0-1

[Event "Oviedo op 8th"]
[Site "Oviedo"]
[Date "2022.07.17"]
[Round "1"]
[White "Mirzoev, Emil"]
[Black "Ayucar Nunez, Inigo"]
[Result "1-0"]
[WhiteElo "2493"]
[BlackElo "1769"]
[PlyCount "61"]
[EventDate "2022.07.17"]
[EventType "swiss"]
[EventRounds "9"]
[EventCountry "ESP"]
[SourceTitle "CBM 209 Extra"]
[Source "ChessBase"]
[SourceDate "2022.09.30"]
[SourceVersion "1"]
[SourceVersionDate "2022.09.30"]
[SourceQuality "1"]

1. Nf3 Nf6 2. g3 d5 3. Bg2 Nbd7 4. d4 e6 5. 0-0 Bd6 6. c4 c6 7. Qc2 Qe7 8. Nbd2 0-0 9. b3 e5 10. cxd5 Nxd5 11. e4 Nb4 12. Qb1 exd4 13. a3 Na6 14. Nxd4 Ne5 15. Bb2 Nc5 16. f4 Ng4 17. Re1 Nh6 18. Qc2 Qc7 19. Nc4 Be7 20. b4 Nd7 21. Ne3 Nb6 22. Rad1 a5 23. Nb5 Qb8 24. Be5 Qxe5 25. fxe5 cxb5 26. Qc7 Nd7 27. Rxd7 Bxd7 28. Qxd7 Bg5 29. Nd5 Rfd8 30. Qxb5 axb4 31. axb4 1-0

[Event "Berlin-ch"]
[Site "Berlin"]
[Date "2022.04.15"]
[Round "1"]
[White "Acikel, Mert"]
[Black "Mirzoev, Emil"]
[Result "0-1"]
[WhiteElo "2149"]
[BlackElo "2467"]
[PlyCount "76"]
[EventDate "2022.04.15"]
[EventType "swiss"]
[EventRounds "9"]
[EventCountry "GER"]
[SourceTitle "CBM 207 Extra"]
[Source "ChessBase"]
[SourceDate "2022.05.31"]
[SourceVersion "1"]
[SourceVersionDate "2022.05.31"]
[SourceQuality "1"]

1. e4 c5 2. Nf3 d6 3. Bb5+ Bd7 4. c4 Nc6 5. d4 cxd4 6. Nxd4 g6 7. Nc3 Bg7 8. Bxc6 Bxc6 9. 0-0 Nf6 10. Qd3 Nd7 11. Rd1 0-0 12. b3 a6 13. Bb2 Rc8 14. Rac1 Qa5 15. Qe3 Rfe8 16. a3 Qh5 17. Rc2 Nc5 18. b4 Ba4 19. bxc5 Bxc2 20. Nxc2 Bxc3 21. Rd5 Be5 22. h3 e6 23. g4 Qh4 24. Rxe5 dxe5 25. Bxe5 f6 26. Bd6 Qg5 27. f4 Qh6 28. Qb3 e5 29. Nb4 exf4 30. Nd5 Qg7 31. Qc3 Re6 32. Qd4 Rce8 33. Nc3 g5 34. Qd5 Kh8 35. Kg2 h5 36. Qf5 Qh7 37. Qxh7+ Kxh7 38. Nd5 hxg4 0-1

[Event "Berlin BSV IM"]
[Site "Berlin"]
[Date "2022.04.13"]
[Round "8"]
[White "Mirzoev, Emil"]
[Black "Muse, Drazen"]
[Result "1-0"]
[WhiteElo "2467"]
[BlackElo "2325"]
[PlyCount "93"]
[EventDate "2022.04.08"]
[EventType "tourn"]
[EventRounds "9"]
[EventCountry "GER"]
[EventCategory "2"]
[SourceTitle "CBM 207 Extra"]
[Source "ChessBase"]
[SourceDate "2022.05.31"]
[SourceVersion "1"]
[SourceVersionDate "2022.05.31"]
[SourceQuality "1"]

1. d4 d5 2. c4 c6 3. Nc3 Nf6 4. e3 Bf5 5. cxd5 cxd5 6. Qb3 Bc8 7. Nf3 e6 8. Ne5 Be7 9. Bd3 0-0 10. 0-0 Nc6 11. f4 Nb4 12. Bb1 Bd6 13. Bd2 a6 14. Qd1 g6 15. g4 Ne8 16. g5 Bxe5 17. dxe5 Nc6 18. Rf3 Ng7 19. Rh3 Nxe5 20. fxe5 Qxg5+ 21. Rg3 Qxe5 22. Na4 Qd6 23. a3 a5 24. Qb3 Bd7 25. Nb6 Ra6 26. Nxd7 Qxd7 27. Bd3 Raa8 28. Bc3 Nh5 29. Rg2 f5 30. Qd1 Kf7 31. Qf3 Ke7 32. b4 Rfc8 33. Be1 axb4 34. Bxb4+ Kf7 35. Rd1 Qc6 36. h3 Nf6 37. Qf4 Qe8 38. Qe5 Nd7 39. Qd4 Qh8 40. Qh4 Nf6 41. Bd6 h6 42. Be5 g5 43. Qb4 Kg6 44. h4 Qf8 45. hxg5 hxg5 46. Qh4 g4 47. Bxf6 1-0

[Event "Berlin BSV IM"]
[Site "Berlin"]
[Date "2022.04.12"]
[Round "6"]
[White "Mirzoev, Emil"]
[Black "Glantz, Robert"]
[Result "1-0"]
[WhiteElo "2467"]
[BlackElo "2340"]
[PlyCount "73"]
[EventDate "2022.04.08"]
[EventType "tourn"]
[EventRounds "9"]
[EventCountry "GER"]
[EventCategory "2"]
[SourceTitle "CBM 207 Extra"]
[Source "ChessBase"]
[SourceDate "2022.05.31"]
[SourceVersion "1"]
[SourceVersionDate "2022.05.31"]
[SourceQuality "1"]

1. d4 Nf6 2. c4 g6 3. Nc3 Bg7 4. e4 d6 5. Nge2 0-0 6. Ng3 a6 7. Be2 c5 8. d5 e6 9. a4 exd5 10. cxd5 h5 11. Bg5 Qc7 12. h3 Re8 13. Qc2 Nbd7 14. Nf1 c4 15. Nd2 Nc5 16. 0-0 Bd7 17. Bxc4 Nxa4 18. Nxa4 b5 19. Bd3 Qxc2 20. Bxc2 bxa4 21. Bxa4 Bxa4 22. Rxa4 Nd7 23. Be3 Ne5 24. Rfa1 Rab8 25. Rxa6 Rxb2 26. R1a2 Rxa2 27. Rxa2 f5 28. Ra6 Nd3 29. Rxd6 f4 30. Bb6 Ra8 31. Rd8+ Rxd8 32. Bxd8 Bd4 33. Bh4 Kf7 34. Kf1 Ne5 35. Ke2 Nd7 36. Bg5 Be5 37. Kf3 1-0

[Event "Berlin BSV IM"]
[Site "Berlin"]
[Date "2022.04.09"]
[Round "2"]
[White "McGowan, Daniel"]
[Black "Mirzoev, Emil"]
[Result "0-1"]
[WhiteElo "2101"]
[BlackElo "2467"]
[PlyCount "72"]
[EventDate "2022.04.08"]
[EventType "tourn"]
[EventRounds "9"]
[EventCountry "GER"]
[EventCategory "2"]
[SourceTitle "CBM 207 Extra"]
[Source "ChessBase"]
[SourceDate "2022.05.31"]
[SourceVersion "1"]
[SourceVersionDate "2022.05.31"]
[SourceQuality "1"]

1. e4 c5 2. Nf3 Nc6 3. Bb5 e6 4. b3 Nge7 5. Bb2 a6 6. Bxc6 Nxc6 7. 0-0 b5 8. d4 cxd4 9. Nxd4 Qf6 10. c3 Bb7 11. Nxc6 Bxc6 12. Qe2 Bc5 13. Nd2 0-0 14. Nf3 Qf4 15. Rfe1 f5 16. e5 Qh6 17. Nd4 Bb7 18. Rad1 f4 19. Qg4 Rf7 20. Nf3 Raf8 21. Qg5 Kh8 22. Rd2 Rg8 23. Qg4 g5 24. Red1 Rgg7 25. c4 Qg6 26. Ne1 bxc4 27. bxc4 h5 28. Qe2 f3 29. Nxf3 Bxf3 30. gxf3 g4 31. Qe4 gxf3+ 32. Qxg6 Rxg6+ 33. Kh1 Rg2 34. Bd4 Rf4 35. Bxc5 Rh4 36. Be3 Rhxh2# 0-1

[Event "EU-ch 22nd"]
[Site "Terme Catez"]
[Date "2022.04.05"]
[Round "10"]
[White "Mirzoev, Emil"]
[Black "Prokofyev, Valentyn"]
[Result "1-0"]
[WhiteElo "2475"]
[BlackElo "2287"]
[PlyCount "73"]
[EventDate "2022.03.27"]
[EventType "swiss"]
[EventRounds "11"]
[EventCountry "SLO"]
[SourceTitle "CBM 208"]
[Source "ChessBase"]
[SourceDate "2022.06.30"]
[SourceVersion "1"]
[SourceVersionDate "2022.06.30"]
[SourceQuality "1"]

1. Nf3 c5 2. e4 e6 3. c3 Nf6 4. Bd3 Nc6 5. Bc2 d5 6. e5 Nd7 7. d4 f6 8. Ng5 Ndxe5 9. dxe5 fxg5 10. Qh5+ Kd7 11. Bxg5 Be7 12. Bxe7 Qxe7 13. 0-0 Kc7 14. Nd2 Bd7 15. a3 Raf8 16. b4 Qf7 17. Qe2 Qf4 18. Rae1 c4 19. g3 Qh6 20. f4 Be8 21. Qe3 b6 22. a4 Bg6 23. Bxg6 Qxg6 24. a5 Qf5 25. Nf3 h6 26. Ra1 g5 27. fxg5 hxg5 28. Nxg5 Qg6 29. axb6+ axb6 30. b5 Nd8 31. h4 Nb7 32. Rf6 Rxf6 33. exf6 Qxf6 34. Rf1 d4 35. cxd4 Qh6 36. Qe5+ Kc8 37. Rf7 1-0

[Event "EU-ch 22nd"]
[Site "Terme Catez"]
[Date "2022.04.04"]
[Round "9"]
[White "Beydullayeva, Govhar"]
[Black "Mirzoev, Emil"]
[Result "1/2-1/2"]
[WhiteElo "2308"]
[BlackElo "2475"]
[PlyCount "50"]
[EventDate "2022.03.27"]
[EventType "swiss"]
[EventRounds "11"]
[EventCountry "SLO"]
[SourceTitle "CBM 208"]
[Source "ChessBase"]
[SourceDate "2022.06.30"]
[SourceVersion "1"]
[SourceVersionDate "2022.06.30"]
[SourceQuality "1"]

1. d4 Nf6 2. c4 e6 3. Nf3 a6 4. Nc3 d5 5. cxd5 exd5 6. Bg5 Be6 7. Bxf6 Qxf6 8. Qb3 Ra7 9. g3 Bd6 10. Bg2 Qd8 11. 0-0 0-0 12. Rad1 Nd7 13. Qc2 c6 14. e4 dxe4 15. Nxe4 Nf6 16. Nc5 Bd5 17. Ne5 Qc7 18. Rfe1 Bxg2 19. Kxg2 Raa8 20. Qf5 Rfe8 21. Ncd7 Be7 22. Nxf6+ Bxf6 23. Ng4 Be7 24. d5 c5 25. Re4 Bd6 1/2-1/2

[Event "Cattolica Primavera op"]
[Site "Cattolica"]
[Date "2022.03.18"]
[Round "4"]
[White "Mirzoev, Emil"]
[Black "Bernadskiy, Vitaliy"]
[Result "1/2-1/2"]
[WhiteElo "2475"]
[BlackElo "2606"]
[PlyCount "55"]
[EventDate "2022.03.16"]
[EventType "swiss"]
[EventRounds "9"]
[EventCountry "ITA"]
[SourceTitle "CBM 207 Extra"]
[Source "ChessBase"]
[SourceDate "2022.05.31"]
[SourceVersion "1"]
[SourceVersionDate "2022.05.31"]
[SourceQuality "1"]

1. d4 d5 2. c4 c6 3. Nf3 Nf6 4. e3 Bf5 5. Nc3 e6 6. Nh4 Bg6 7. Nxg6 hxg6 8. Be2 Nbd7 9. h3 a6 10. 0-0 Be7 11. b3 g5 12. Bb2 Qc7 13. Rc1 Rh4 14. Re1 Bd6 15. Bf3 0-0-0 16. cxd5 exd5 17. Nxd5 Nxd5 18. Bxd5 g4 19. Qe2 Nf6 20. Bxc6 bxc6 21. Rxc6 Qxc6 22. Rc1 Qxc1+ 23. Bxc1 Kd7 24. Qxa6 gxh3 25. gxh3 Rxh3 26. Ba3 Bxa3 27. Qxa3 Rdh8 28. Qa4+ 1/2-1/2

[Event "Cattolica Primavera op"]
[Site "Cattolica"]
[Date "2022.03.17"]
[Round "2"]
[White "Mirzoev, Emil"]
[Black "Ohler, Julius"]
[Result "1-0"]
[WhiteElo "2475"]
[BlackElo "2097"]
[PlyCount "53"]
[EventDate "2022.03.16"]
[EventType "swiss"]
[EventRounds "9"]
[EventCountry "ITA"]
[SourceTitle "CBM 207 Extra"]
[Source "ChessBase"]
[SourceDate "2022.05.31"]
[SourceVersion "1"]
[SourceVersionDate "2022.05.31"]
[SourceQuality "1"]

1. c4 Nf6 2. Nc3 c5 3. g3 Nc6 4. Bg2 g6 5. e3 Bg7 6. Nge2 0-0 7. 0-0 d6 8. d4 cxd4 9. exd4 Bf5 10. h3 h5 11. b3 Qd7 12. Kh2 e5 13. Be3 Rfe8 14. dxe5 dxe5 15. Nb5 Bd3 16. Qd2 a6 17. Nbc3 Rad8 18. Rfd1 Qc7 19. Qc1 Nb4 20. a3 Nc2 21. Rxd3 Nxa1 22. Rxd8 Nxb3 23. Rxe8+ Nxe8 24. Qb1 Nd4 25. Qxb7 Qxc4 26. Bd5 Qc7 27. Qxa6 1-0

[Event "Cattolica Spring Mix"]
[Site "Cattolica"]
[Date "2022.03.11"]
[Round "1"]
[White "Mirzoev, Emil"]
[Black "Ermitsch, Magnus"]
[Result "1-0"]
[WhiteElo "2460"]
[BlackElo "2127"]
[PlyCount "28"]
[EventDate "2022.03.10"]
[EventType "swiss"]
[EventRounds "9"]
[EventCountry "ITA"]
[SourceTitle "CBM 207 Extra"]
[Source "ChessBase"]
[SourceDate "2022.05.31"]
[SourceVersion "1"]
[SourceVersionDate "2022.05.31"]
[SourceQuality "1"]

1. d4 d5 2. Bf4 c5 3. e3 cxd4 4. exd4 Nc6 5. Nf3 Bg4 6. Nbd2 e6 7. c3 Bd6 8. Bxd6 Qxd6 9. h3 Bh5 10. Bd3 Nge7 11. 0-0 f6 12. Re1 e5 13. dxe5 fxe5 14. Bb5 0-0-0 1-0

[Event "Rochefort op 20th"]
[Site "Rochefort"]
[Date "2022.02.14"]
[Round "4"]
[White "Suarez Uriel, Adrian"]
[Black "Mirzoev, Emil"]
[Result "1-0"]
[WhiteElo "2348"]
[BlackElo "2460"]
[PlyCount "69"]
[EventDate "2022.02.12"]
[EventType "swiss"]
[EventRounds "9"]
[EventCountry "FRA"]
[SourceTitle "CBM 206 Extra"]
[Source "ChessBase"]
[SourceDate "2022.03.31"]
[SourceVersion "1"]
[SourceVersionDate "2022.03.31"]
[SourceQuality "1"]

1. e4 e6 2. d4 d5 3. Nc3 Bb4 4. e5 c5 5. a3 Ba5 6. b4 cxd4 7. Nb5 Bc7 8. f4 Bd7 9. Nxc7+ Qxc7 10. Bd3 Ne7 11. Nf3 Ba4 12. 0-0 Qb6 13. Qe2 Nbc6 14. Kh1 a6 15. Bd2 Rc8 16. Be1 Bb5 17. Bf2 Nf5 18. g4 Ne3 19. Rg1 h5 20. gxh5 Ne7 21. Bxe3 dxe3 22. Rxg7 Nf5 23. Rg5 Bxd3 24. cxd3 d4 25. Qg2 Kd7 26. Rxf5 exf5 27. e6+ Qxe6 28. Nxd4 Qb6 29. Qd5+ Qd6 30. Qxf7+ Qe7 31. Qd5+ Kc7 32. Nxf5 Qf6 33. Rg1 e2 34. Rg7+ Qxg7 35. Qd6# 1-0

[Event "Omelnyk Grokhotov Memorial 10th"]
[Site "Omelnyk"]
[Date "2022.01.05"]
[Round "6"]
[White "Mirzoev, Emil"]
[Black "Terletsky, Oleg"]
[Result "1-0"]
[WhiteElo "2474"]
[BlackElo "2154"]
[PlyCount "39"]
[EventDate "2022.01.03"]
[EventType "tourn"]
[EventRounds "9"]
[EventCountry "UKR"]
[EventCategory "1"]
[SourceTitle "EXT 2023"]
[Source "ChessBase"]
[SourceDate "2022.10.05"]
[SourceVersion "1"]
[SourceVersionDate "2022.10.05"]
[SourceQuality "1"]

1. d4 Nf6 2. c4 g6 3. Nc3 Bg7 4. e4 d6 5. Nge2 0-0 6. Ng3 c6 7. Be2 a6 8. 0-0 b5 9. f4 bxc4 10. e5 Nfd7 11. Bxc4 d5 12. Bd3 e6 13. Be3 a5 14. f5 c5 15. f6 Bh8 16. Bb5 Ba6 17. a4 Qc7 18. Nf5 gxf5 19. Nxd5 exd5 20. Rxf5 1-0